01570nam a2200265 a 4500001001000000005001700010008004100027041000800068044000600076084002000082100004500102245010000147260004200247300004300289500016100332500005900493500048100552500001001033546002401043650005201067650005601119650003401175650004501209740005001254BRCA_327920190320204212.0130309s1853----u--a---###---#000-0#eng-# aeng au a581b.A67c18531 aCervantes Saavedra, Miguel ded1547-161610aDon Quixote de la ManchacA Revised Translation Based on those of Motteux, Jarvis and Smollett. aNueva YorkbD. Appleton and Co.c1853 a1 v. en 2 partes (495 p.)bil.c24 cm. aContenido : Primera parte. Prefacio del editor. Noticia sobre la vida de Cervantes. Prólogo del autor. Segunda parte. Dedicatoria y prólogo de Cervantes aEdición : With Numerous Characteristic Illustrations aSi bien en la portada se dice que esta edición ha tenido por modelo las traducciones de Motteux, Jarvis y Smollett, la que principalmente ha servido de base al editor, es la de Mary Smirke, publicada en Londres, por T. Cadell y W. Davies, en 1818, puesto que la copia casi literalmente. Las láminas estan grabadas por J. W. Orr sobre los dibujos de Gilbert. La parte tipográfica es excelente. Tela; lomo y planos decorados con motivos quijotiles dorados Lúdovik Osterc aQM861 aTexto en : inglés14aNovela españolayÉpoca clásica, 1500-170014aLiteratura españolayÉpoca clásica, 1500-170014aNovela españolaySiglo XVII14aDon Quijote (Personaje ficticio)eNovela0 aEl Ingenioso Hidalgo Don Quijote de la Mancha